| 000 | 00959cam a2200325 a 4500 | ||
|---|---|---|---|
| 001 | 5865 | ||
| 003 | FISKH | ||
| 005 | 20250827090855.0 | ||
| 008 | 830801s1984 nyua j 000 1 eng | ||
| 010 | _a 83017196 | ||
| 020 | _a0688027970 | ||
| 020 | _a0688027989 (lib. bdg.) | ||
| 040 |
_aDLC _cDLC _dDLC _beng |
||
| 050 | _aPZ7.T117 | ||
| 082 | _a813.54 | ||
| 100 | 1 | _aTafuri, Nancy. | |
| 245 | 1 | 0 |
_aHave you seen my duckling? / _cNancy Tafuri. |
| 260 |
_aNew York : _bScholastic, _c1984. |
||
| 300 |
_a25 unnumbered pages : _bcolor illustrations ; _c21 x 26 cm. |
||
| 505 | _aaa | ||
| 520 | _aA mother duck leads her brood around the pond as she searches for one missing duckling. | ||
| 521 | 8 |
_a20
_bLexile |
|
| 521 | 8 |
_aaa
_bRaz-Plus |
|
| 650 | 1 |
_aLost children _xFiction. |
|
| 650 | 1 |
_aDucks _xFiction. |
|
| 650 | 1 |
_aPonds _xFiction. |
|
| 906 |
_a7 _bcbc _corignew _d1 _eocip _f19 _gy-gencatlg |
||
| 942 |
_2ddc _cBK _n0 |
||
| 999 |
_c5865 _d5865 |
||